Translating expertise (Record no. 912279)

MARC details
000 -LEADER
fixed length control field 00898nam a2200265Ia 4500
003 - CONTROL NUMBER IDENTIFIER
control field OSt
005 - DATE AND TIME OF LATEST TRANSACTION
control field 20221002045408.0
008 - FIXED-LENGTH DATA ELEMENTS--GENERAL INFORMATION
fixed length control field 220930b |||||||| |||| 00| 0 eng d
020 ## - INTERNATIONAL STANDARD BOOK NUMBER
International Standard Book Number 9781442262676 (hbk)
037 ## - SOURCE OF ACQUISITION
Terms of availability Reference Collections
040 ## - CATALOGING SOURCE
Original cataloging agency CRL
Transcribing agency CRL
Language of cataloging eng
041 ## - LANGUAGE CODE
Source of code eng
Language code of text/sound track or separate title eng
100 ## - MAIN ENTRY--PERSONAL NAME
Personal name Conte Marisa L. Ed.
9 (RLIN) 570464
245 #0 - TITLE STATEMENT
Title Translating expertise
Remainder of title librarian's role in translational research
260 ## - PUBLICATION, DISTRIBUTION, ETC.
Place of publication, distribution, etc. Lanham
Name of publisher, distributor, etc. Rowman and Littlefield Maryland
Date of publication, distribution, etc. 2016
300 ## - PHYSICAL DESCRIPTION
Extent x,270p.
Dimensions cm.
650 ## - SUBJECT ADDED ENTRY--TOPICAL TERM
Topical term or geographic name entry element TRANSLATING AND INTERPRETING
650 ## - SUBJECT ADDED ENTRY--TOPICAL TERM
Topical term or geographic name entry element LIBRARY SCIENCE
942 ## - ADDED ENTRY ELEMENTS (KOHA)
Classification part P:795:f, Q6(RR)
Koha item type
Source of classification or shelving scheme Colon Classification (CC)
Holdings
Withdrawn status Lost status Damaged status Not for loan Home library Current library Date acquired Source of acquisition Total Checkouts Full call number Barcode Date last seen Price effective from Koha item type
        Central Library Central Library 2022-10-02 1329, 06/03/2017, Bright Book Service   P:795:f Q6(RR) CL1640122 2022-10-02 2022-10-02  
Copyright @ Delhi University Library System